Southville International School and Colleges
Your cart is empty.
  • Cart
  • Lists
    Public lists Eva Luna New books Lux_list list_1
    Your lists Log in to create your own lists
  • Log in to your account
  • Your cookies
  • Search history
Southville International School and Colleges
  • Advanced search
  • Recent comments
  • Most popular
  • Libraries

Log in to your account

Log in with GOOGLE


If you do not have an external account, but do have a local account, you can still log in:

  1. Home
  2. MARC view: Financial management fundamentals /
Normal view MARC view ISBD view

Financial management fundamentals / (Record no. 118272)

[ view plain ]
MARC details
000 -LEADER
fixed length control field 00729nam a2200217Ia 4500
005 - DATE AND TIME OF LATEST TRANSACTION
control field 20140610083701.0
008 - FIXED-LENGTH DATA ELEMENTS--GENERAL INFORMATION
fixed length control field 140609s9999 xx 000 0 und d
020 ## - INTERNATIONAL STANDARD BOOK NUMBER
International Standard Book Number 9789814352598
050 ## - LIBRARY OF CONGRESS CALL NUMBER
Classification number HG 4026
Item number .B6693 2011
100 ## - MAIN ENTRY--PERSONAL NAME
Personal name Brigham, Eugene F.
245 ## - TITLE STATEMENT
Title Financial management fundamentals /
Statement of responsibility, etc Eugene F. Brigham, Joel F. Houston
250 ## - EDITION STATEMENT
Edition statement 12th ed.
260 ## - PUBLICATION, DISTRIBUTION, ETC. (IMPRINT)
Place of publication, distribution, etc Mason, OH :
Name of publisher, distributor, etc South-Western Cengage Learning,
Date of publication, distribution, etc c2011.
300 ## - PHYSICAL DESCRIPTION
Extent 736 p. ;
Dimensions 26 cm.
500 ## - GENERAL NOTE
General note Includes appendices and index.
521 ## - TARGET AUDIENCE NOTE
Target audience note
650 ## - SUBJECT ADDED ENTRY--TOPICAL TERM
Topical term or geographic name as entry element Business enterprises
General subdivision United States --Finance --Problems, exercises, etc.
650 ## - SUBJECT ADDED ENTRY--TOPICAL TERM
Topical term or geographic name as entry element Business enterprises
General subdivision United States --Finance.
942 ## - ADDED ENTRY ELEMENTS (KOHA)
Call number prefix Foreign
Koha item type Books
Source of classification or shelving scheme Library of Congress Classification
Holdings
Withdrawn status Lost status Source of classification or shelving scheme Damaged status Home library Current library Shelving location Date acquired Source of acquisition Total Checkouts Total Renewals Full call number Barcode Date last seen Date checked out Price effective from Koha item type
    Library of Congress Classification   College Library College Library General Circulation Section 06/09/2014 Donation 8 31 HG 4026 .B6693 2011 C17034 10/24/2022 10/06/2022 06/09/2014 Books

Financial management fundamentals /

APA

Brigham E. F., . (2011). Financial management fundamentals. Mason, OH: South-Western Cengage Learning.

Chicago

Brigham Eugene F, . 2011. Financial management fundamentals. Mason, OH: South-Western Cengage Learning.

Harvard

Brigham E. F., . (2011). Financial management fundamentals. Mason, OH: South-Western Cengage Learning.

MLA

Brigham Eugene F, . Financial management fundamentals. Mason, OH: South-Western Cengage Learning. 2011.

  • Place hold
  • Print
  • Cite
  • Add to your cart (remove)
  • Save record
    BIBTEX Dublin Core MARCXML MARC (non-Unicode/MARC-8) MARC (Unicode/UTF-8) MARC (Unicode/UTF-8, Standard) MODS (XML) RIS
  • More searches
    Search for this title in:
    Other Libraries (WorldCat) Other Databases (Google Scholar) Online Stores (Bookfinder.com) Open Library (openlibrary.org)

Exporting to Dublin Core...

SOUTHVILLE LIBRARY

Southville International School and Colleges Library

1281 Tropical Ave. Cor. Luxembourg St., BF Homes International, Las Pinas City

Tel. No. 8256374 / 252358 Loc. 117/146

Powered by Koha